Оценка интеллектуальной собственности, используемой в наукоемких технологиях; Наукоемкие технологии; № 6

Bibliografiske detaljer
Parent link:Наукоемкие технологии: научно-технический журнал.— , 2001-
№ 6.— 2004.— С. 47-53
Andre forfattere: Бакуменко А. Б., Киселев А. Б., Морозов О. А., Почернин И. Г.
Summary:Журнал в журнале: Интеллектуальная собственность и нематериальные активы
Sprog:russisk
Udgivet: 2004
Fag:
Format: MixedMaterials Book Chapter
KOHA link:https://koha.lib.tpu.ru/cgi-bin/koha/opac-detail.pl?biblionumber=395775

MARC

LEADER 00000naa2a2200000 4500
001 395775
005 20231101064705.0
035 |a (RuTPU)RU\TPU\prd\33367 
090 |a 395775 
100 |a 20050301a2004 k y0rusy50 ca 
101 0 |a rus 
102 |a RU 
200 1 |a Оценка интеллектуальной собственности, используемой в наукоемких технологиях  |f А. Б. Бакуменко, А. Б. Киселев, О. А. Морозов, И. Г. Почернин 
300 |a Журнал в журнале: Интеллектуальная собственность и нематериальные активы 
320 |a Библиогр.: 4 назв. 
461 1 |0 (RuTPU)RU\TPU\prd\1139  |t Наукоемкие технологии  |o  научно-технический журнал  |d 2001- 
463 1 |0 (RuTPU)RU\TPU\prd\27450  |t № 6  |v С. 47-53  |d 2004 
610 1 |a интеллектуальная собственность 
610 1 |a СВЧ 
610 1 |a наукоемкие технологии 
610 1 |a электровакуумные приборы 
610 1 |a теория оценки 
675 |a 621.385.6.62.192  |v 3 
701 1 |a Бакуменко  |b А. Б. 
701 1 |a Киселев  |b А. Б. 
701 1 |a Морозов  |b О. А. 
701 1 |a Почернин  |b И. Г. 
801 1 |a RU  |b 63413507  |c 20050301  |g PSBO 
942 |c BK